[Event "Marseille op 2nd "]
[Site "Marseille"]
[Date "2009.12.27"]
[Round "4"]
[White "Jouet, Philippe"]
[Black "Charvein, Gabriel"]
[Result "1-0"]
[WhiteElo "1942"]
[BlackElo "1670"]
[PlyCount "69"]
[EventDate "2009.12.26"]
[EventType "swiss"]
[EventRounds "9"]
[EventCountry "FRA"]
[SourceTitle "CBM 134 Extra"]
[Source "ChessBase"]
[SourceDate "2010.03.03"]
[SourceVersion "1"]
[SourceVersionDate "2010.03.03"]
[SourceQuality "1"]

1. d4 Nf6 2. Nf3 g6 3. c4 Bg7 4. Nc3 d6 5. e4 0-0 6. Be2 Bg4 7. 0-0 Nbd7 8. Be3 c5 9. dxc5 Nxc5 10. e5 Nfe4 11. Nxe4 Nxe4 12. Qc2 Nc5 13. Rad1 Qc7 14. exd6 exd6 15. Nd4 Bxe2 16. Nxe2 Rad8 17. Nf4 Rfe8 18. Nd5 Qb8 19. Bg5 Rd7 20. Rfe1 h6 21. Rxe8+ Qxe8 22. Bxh6 Be5 23. Bf4 Qd8 24. Be3 b6 25. f4 Bg7 26. f5 gxf5 27. Rf1 Ne6 28. Rxf5 Nc7 29. Qd2 Nxd5 30. Rxd5 Qe8 31. Bd4 Bh6 32. Qf2 Re7 33. Qg3+ Kf8 34. Qxd6 Bf4 35. Rh5 1-0

[Event "Marseille op 2nd "]
[Site "Marseille"]
[Date "2009.12.26"]
[Round "1"]
[White "Prioreschi, Olivier"]
[Black "Jouet, Philippe"]
[Result "0-1"]
[WhiteElo "1490"]
[BlackElo "1942"]
[PlyCount "44"]
[EventDate "2009.12.26"]
[EventType "swiss"]
[EventRounds "9"]
[EventCountry "FRA"]
[SourceTitle "CBM 134 Extra"]
[Source "ChessBase"]
[SourceDate "2010.03.03"]
[SourceVersion "1"]
[SourceVersionDate "2010.03.03"]
[SourceQuality "1"]

1. e4 e6 2. Nf3 d5 3. e5 c5 4. Bb5+ Bd7 5. Be2 Nc6 6. Nc3 Nge7 7. d3 Ng6 8. 0-0 Ncxe5 9. Nxe5 Nxe5 10. Re1 d4 11. Ne4 Be7 12. Bf4 Qc7 13. Bh5 0-0 14. Nd2 Bd6 15. Bg5 Bc6 16. f4 Ng6 17. g3 f6 18. Bxg6 fxg5 19. Bh5 gxf4 20. Qg4 fxg3 21. hxg3 Bxg3 22. Rxe6 Bh2# 0-1

[Event "Gap op 2nd"]
[Site "Gap"]
[Date "2008.04.16"]
[Round "5"]
[White "Astier, Sylvain"]
[Black "Jouet, Philippe"]
[Result "0-1"]
[WhiteElo "1653"]
[BlackElo "1893"]
[PlyCount "92"]
[EventDate "2008.04.14"]
[EventType "swiss"]
[EventRounds "9"]
[EventCountry "FRA"]
[SourceTitle "CBM 123 Extra"]
[Source "ChessBase"]
[SourceDate "2008.05.06"]
[SourceVersion "1"]
[SourceVersionDate "2008.05.06"]
[SourceQuality "1"]

1. e4 e6 2. d4 d5 3. exd5 exd5 4. Nf3 Nf6 5. Bf4 Bd6 6. Qe2+ Be6 7. Bxd6 Qxd6 8. Qb5+ Nc6 9. Ne5 0-0 10. Nxc6 bxc6 11. Qa6 Qb4+ 12. Nd2 Qxb2 13. Rb1 Qxd4 14. Bd3 Qe5+ 15. Be2 Bf5 16. 0-0 Qd6 17. Bd3 Bxd3 18. cxd3 c5 19. Qa5 Nd7 20. Rb7 Nb6 21. Rxa7 Rxa7 22. Qxa7 Qc6 23. Qa3 Ra8 24. Qb3 Qa4 25. Ra1 Qxb3 26. Nxb3 c4 27. dxc4 Nxc4 28. g3 Kf8 29. a4 Na5 30. Nxa5 Rxa5 31. Rc1 c5 32. Kg2 Ke7 33. Kf3 Kd6 34. Ra1 c4 35. Rb1 Kc6 36. Ra1 Kc5 37. Rb1 Rxa4 38. Rb7 Ra6 39. Ke3 d4+ 40. Kd2 Rf6 41. Rc7+ Kd5 42. Rd7+ Ke4 43. f4 Rh6 44. Rxf7 Rxh2+ 45. Ke1 c3 46. Rxg7 c2 0-1

[Event "Marseille op"]
[Site "Marseille"]
[Date "2007.12.29"]
[Round "5"]
[White "Jouet, Philippe"]
[Black "Hileyan, Michel"]
[Result "1-0"]
[WhiteElo "1813"]
[BlackElo "1999"]
[PlyCount "74"]
[EventDate "2007.12.27"]
[EventType "swiss"]
[EventRounds "9"]
[EventCountry "FRA"]
[SourceTitle "CBM 122 Extra"]
[Source "ChessBase"]
[SourceDate "2008.03.04"]
[SourceVersion "1"]
[SourceVersionDate "2008.03.04"]
[SourceQuality "1"]

1. d4 d6 2. Nf3 g6 3. e3 Bg7 4. Be2 Nf6 5. 0-0 Nbd7 6. c4 0-0 7. Nc3 c6 8. b4 a5 9. b5 c5 10. Bb2 cxd4 11. exd4 b6 12. Qc2 Qc7 13. d5 e5 14. dxe6 fxe6 15. Nd4 Ne5 16. Qb3 Re8 17. Nc6 Bb7 18. Nxe5 dxe5 19. Rad1 Nd7 20. Na4 Rad8 21. Bg4 Nf6 22. Rxd8 Rxd8 23. Bxe6+ Kh8 24. Rd1 Nh5 25. Bd5 Bc8 26. c5 Nf4 27. cxb6 Qe7 28. b7 Bf5 29. Bf3 Rb8 30. Qa3 Qxa3 31. Bxa3 e4 32. Bd6 Rxb7 33. Bxf4 Rxb5 34. Be2 Rb4 35. Rd8+ Bf8 36. Bh6 Rb1+ 37. Bf1 Rb8 1-0

[Event "Bouches du Rhone op 0607"]
[Site "Bouches du Rhone"]
[Date "2007.02.03"]
[Round "5"]
[White "Jouet, Philippe"]
[Black "Cortes, Antoine"]
[Result "0-1"]
[WhiteElo "1920"]
[BlackElo "2158"]
[PlyCount "40"]
[EventDate "2006.10.21"]
[EventType "swiss"]
[EventRounds "9"]
[EventCountry "FRA"]
[SourceTitle "EXT 2008"]
[Source "ChessBase"]
[SourceDate "2007.11.25"]
[SourceVersion "1"]
[SourceVersionDate "2007.11.25"]
[SourceQuality "1"]

1. d4 Nf6 2. Nf3 g6 3. Nbd2 Bg7 4. e4 d6 5. Bd3 0-0 6. 0-0 c5 7. c3 Bg4 8. h3 Bxf3 9. Nxf3 cxd4 10. Nxd4 Nc6 11. Nxc6 bxc6 12. Bg5 Rb8 13. Bxf6 Bxf6 14. Qc2 Qa5 15. b4 Qe5 16. Rfc1 h5 17. Qe2 Bg5 18. Rcb1 Qxc3 19. Qc2 Qxc2 20. Bxc2 Bf6 0-1

[Event "Bouches du Rhone op 0607"]
[Site "Bouches du Rhone"]
[Date "2006.12.02"]
[Round "2"]
[White "Jouet, Philippe"]
[Black "Nakache, Jonathan"]
[Result "1/2-1/2"]
[WhiteElo "1920"]
[BlackElo "2140"]
[PlyCount "59"]
[EventDate "2006.10.21"]
[EventType "swiss"]
[EventRounds "9"]
[EventCountry "FRA"]
[SourceTitle "EXT 2008"]
[Source "ChessBase"]
[SourceDate "2007.11.25"]
[SourceVersion "1"]
[SourceVersionDate "2007.11.25"]
[SourceQuality "1"]

1. d4 Nf6 2. Nf3 g6 3. Nbd2 Bg7 4. e4 d6 5. Bd3 0-0 6. 0-0 Nbd7 7. Qe2 e5 8. c3 Qe7 9. Nb3 Ne8 10. Be3 f5 11. Bg5 Bf6 12. Bh6 Ng7 13. Qc2 f4 14. g3 g5 15. h3 Qe8 16. g4 Qg6 17. Bxg7 Kxg7 18. Kg2 h5 19. Nh2 Rh8 20. f3 Nf8 21. Rh1 Qf7 22. d5 Ng6 23. Kf2 Bd7 24. Rag1 Rh7 25. Ke1 Rah8 26. Qg2 Nh4 27. Qc2 hxg4 28. fxg4 Bd8 29. Rf1 Ng2+ 30. Qxg2 1/2-1/2